000 00352nam a22001217a 4500
008 140129b xxu||||| |||| 00| 0 eng d
100 _960
_aKhan, A. R.
245 _aEntrepreneurship
_cby A. R. Khan.
_b :small business and lives of successful entrepreneurs
260 _aDhaka,
_bRuby,
_cc2000.
300 _a100p
650 0 _961
_aBusiness
942 _2ddc
_cBK
999 _c49
_d49